000 01799nam a2200409Ia 4500
001 ebr10598152
003 CaPaEBR
006 m u
007 cr cn|||||||||
008 960419s1996 gw sb 100 0 eng d
010 _z 96021518
020 _z3110142198 (acid-free paper)
020 _z9783110142198
020 _z9783110889383
040 _aCaPaEBR
_cCaPaEBR
035 _a(OCoLC)815507251
050 1 4 _aQA295
_b.C67 1996eb
082 0 4 _a515/.42
_220
245 0 0 _aConvergence in ergodic theory and probability
_h[electronic resource] /
_ceditors, V. Bergelson, P. March, J. Rosenblatt.
260 _aBerlin ;
_aNew York :
_bWalter de Gruyter,
_c1996.
300 _axi, 445 p.
440 0 _aOhio State University Mathematical Research Institute publications,
_x0942-0363 ;
_v5
500 _aPapers from the Conference on Convergence in Ergodic Theory and Probability, held at Ohio State University, in June, 1993.
504 _aIncludes bibliographical references.
533 _aElectronic reproduction.
_bPalo Alto, Calif. :
_cebrary,
_d2011.
_nAvailable via World Wide Web.
_nAccess may be limited to ebrary affiliated libraries.
650 0 _aConvergence
_vCongresses.
650 0 _aInequalities (Mathematics)
_vCongresses.
650 0 _aProbabilities
_vCongresses.
650 0 _aErgodic theory
_vCongresses.
655 7 _aElectronic books.
_2local
700 1 _aBergelson, V.
_q(Vitaly),
_d1950-
700 1 _aMarch, P.
_q(Peter),
_d1955-
700 1 _aRosenblatt, J.
_q(Joseph),
_d1946-
710 2 _aebrary, Inc.
711 2 _aConference on Convergence in Ergodic Theory and Probability
_d(1993 :
_cOhio State University)
856 4 0 _uhttp://site.ebrary.com/lib/rucke/Doc?id=10598152
_zAn electronic book accessible through the World Wide Web; click to view
999 _c213194
_d213194